[Event "47th IT Bosna 2017"]
[Site "Sarajevo"]
[Date "2017.05.15"]
[Round "4.30"]
[White "Hadzovic, Amir"]
[Black "Omanovic, Vahidin"]
[Result "0-1"]
[WhiteElo "2280"]
[BlackElo "2002"]
[PlyCount "156"]
[EventDate "2017.05.13"]

1. e4 c5 2. Nc3 Nc6 3. f4 g6 4. Nf3 Bg7 5. Bc4 e6 6. O-O a6 7. a4 Nge7 8. Qe1
d6 9. d3 O-O 10. Qh4 d5 11. Bb3 f5 12. Ne2 c4 13. Ba2 b5 14. e5 Bd7 15. Be3 Re8
16. Bc5 Nc8 17. Qh3 Nb6 18. b3 cxd3 19. cxd3 bxa4 20. b4 Bf8 21. Ng5 Re7 22.
Qe3 Rb8 23. Rfc1 h6 24. Nf3 Rg7 25. Rab1 Na7 26. Nfd4 Nb5 27. Nc3 g5 28. Nce2
Na8 29. fxg5 Nxd4 30. Qxd4 Qxg5 31. Nf4 Bxc5 32. bxc5 Rxb1 33. Rxb1 Bb5 34. g3
Nc7 35. Kf2 h5 36. Qe3 h4 37. Rg1 Kf7 38. Qe1 hxg3+ 39. hxg3 Ke8 40. Qe3 Qg4
41. c6 Rh7 42. Qb6 Qg5 43. Qb8+ Qd8 44. Qb7 Qe7 45. Qb6 Kf7 46. Kf3 Rh2 47. Rg2
Rxg2 48. Kxg2 Ne8 49. c7 Nxc7 50. g4 fxg4 51. d4 Qd7 52. Bb1 a3 53. Qa5 Qc6 54.
Qxa3 Ke8 55. Ng6 Kd8 56. Qf8+ Qe8 57. Qd6+ Kc8 58. Nf4 Kb7 59. Bd3 Qc6 60. Qa3
Qb6 61. Qc3 a5 62. Kg3 Bd7 63. Kxg4 Qb4 64. Qxb4+ axb4 65. Kf3 Kb6 66. Ke3 Bb5
67. Bg6 Ka5 68. Bc2 Ba4 69. Bb1 b3 70. Nd3 Na6 71. Kd2 Bb5 72. Nc1 Kb4 73. Bg6
Nc7 74. Bh7 Bf1 75. Nd3+ Bxd3 76. Kxd3 b2 77. Ke3 Kc3 78. Bd3 Nb5 0-1

[Event "47th IT Bosna 2017"]
[Site "Sarajevo"]
[Date "2017.05.15"]
[Round "4.31"]
[White "Obad, Andrija"]
[Black "Selimovic, Amir"]
[Result "1-0"]
[WhiteElo "2256"]
[BlackElo "1941"]
[PlyCount "133"]
[EventDate "2017.05.13"]

1. e4 e6 2. d4 d5 3. Nd2 dxe4 4. Nxe4 Bd7 5. Nf3 Bc6 6. Bd3 Nd7 7. Qe2 Ngf6 8.
Ng3 Be7 9. O-O Bxf3 10. Qxf3 c6 11. b3 O-O 12. Bb2 Qa5 13. a3 Rfe8 14. Rfe1 Qb6
15. c4 Rad8 16. Bc2 Nf8 17. Ne4 Nxe4 18. Rxe4 f5 19. Re2 Bf6 20. c5 Qc7 21. Rd1
g6 22. b4 Qg7 23. Red2 Rd7 24. Bb3 Kh8 25. h3 h5 26. Re2 Bxd4 27. Rxd4 Rxd4 28.
Qe3 Red8 29. Bxe6 Nxe6 30. Qxe6 Kh7 31. Bxd4 Rxd4 32. Qe8 Rd1+ 33. Kh2 Qc7+ 34.
g3 Rd7 35. Re6 Rg7 36. Re5 Qd7 37. Qb8 Qd4 38. Kg2 f4 39. gxf4 g5 40. fxg5 Qf4
41. Kf1 Qc1+ 42. Kg2 Qf4 43. Qd6 Rxg5+ 44. Rxg5 Qxg5+ 45. Qg3 Qd5+ 46. Qf3 Qg5+
47. Qg3 Qd5+ 48. Kh2 Qf5 49. Qe3 a6 50. Kg3 Qg6+ 51. Kh4 Qf5 52. f3 Qf6+ 53.
Kxh5 Qg6+ 54. Kh4 Qf6+ 55. Kg4 Qg7+ 56. Qg5 Qd4+ 57. Kh5 Qf2 58. Qe7+ Kh8 59.
Qf6+ Kh7 60. Qe7+ Kh8 61. Kh6 Qd2+ 62. Qg5 Qd5 63. f4 Qd7 64. Qf6+ Kg8 65. f5
Qh7+ 66. Kg5 Qxh3 67. Qg6+ 1-0

[Event "47th IT Bosna 2017"]
[Site "Sarajevo"]
[Date "2017.05.15"]
[Round "4.32"]
[White "Medic, Nevenko"]
[Black "Jurman, Roberto"]
[Result "0-1"]
[WhiteElo "1996"]
[BlackElo "2152"]
[PlyCount "114"]
[EventDate "2017.05.13"]

1. d4 Nf6 2. c4 g6 3. Nc3 Bg7 4. e4 c5 5. Nf3 cxd4 6. Nxd4 d6 7. Be2 O-O 8. O-O
Nc6 9. Be3 Bd7 10. f3 a6 11. Qd2 Re8 12. Rfd1 Qa5 13. a3 Rac8 14. Nxc6 Bxc6 15.
b4 Qc7 16. Rac1 Bd7 17. Bd4 Be6 18. Nd5 Bxd5 19. cxd5 Qd7 20. Rxc8 Rxc8 21. Rc1
h6 22. Rxc8+ Qxc8 23. Qc3 Qxc3 24. Bxc3 Nd7 25. Bxg7 Kxg7 26. Kf2 g5 27. Ke3
Kf6 28. Kd4 Nb6 29. Bd1 e5+ 30. Kc3 Ke7 31. a4 Kd8 32. a5 Nc8 33. Be2 Ne7 34.
g4 Ng6 35. b5 axb5 36. Kb4 Kc7 37. Bxb5 Nf4 38. Kc3 f6 39. Kd2 Kb8 40. Be8 Ka7
41. Bb5 Kb8 42. Be8 Kc7 43. Ke3 b6 44. axb6+ Kxb6 45. Bd7 Ka5 46. Bc8 Kb5 47.
Bb7 Kc4 48. Ba6+ Kc3 49. Bb5 Kb3 50. Ba6 Kc2 51. Bf1 Kd1 52. Kf2 Kd2 53. Kg3
Ke3 54. Bb5 Ng6 55. Bf1 Nh4 56. Bg2 Ke2 57. Bh1 Kf1 0-1

[Event "47th IT Bosna 2017"]
[Site "Sarajevo"]
[Date "2017.05.15"]
[Round "4.33"]
[White "Strinic, Halid"]
[Black "Janjic, Nikola"]
[Result "0-1"]
[WhiteElo "2122"]
[BlackElo "1909"]
[PlyCount "120"]
[EventDate "2017.05.13"]

1. e4 e5 2. Nf3 Nf6 3. Nxe5 d6 4. Nf3 Nxe4 5. d4 Be7 6. Bd3 d5 7. c4 c6 8. Nc3
Nxc3 9. bxc3 O-O 10. O-O Bg4 11. Re1 Re8 12. Bf4 b6 13. Re3 Bf6 14. Qc2 g6 15.
Ne5 Be6 16. cxd5 Bxd5 17. Rae1 Bxe5 18. Bxe5 Be6 19. Qd2 Nd7 20. Bg3 Nf8 21.
Re4 Qd7 22. Qh6 Bf5 23. Rxe8 Rxe8 24. Rxe8 Qxe8 25. Bf1 Qe1 26. Qe3 Qxe3 27.
fxe3 Nd7 28. Kf2 Be4 29. Ba6 Kf8 30. Bd6+ Ke8 31. g4 Nf6 32. g5 Kd7 33. Bb4 Nd5
34. Bc4 Ke6 35. h4 Kf5 36. Kg3 a5 37. Ba3 Nxc3 38. Bb2 Nd5 39. Be2 Ke6 40. Kf2
b5 41. a3 f6 42. Bg4+ f5 43. Bd1 a4 44. Be2 Nb6 45. Ke1 Nd5 46. Bc1 Nb6 47. Kd2
f4 48. exf4 Kf5 49. Ke3 Nd5+ 50. Kf2 Nxf4 51. Bf1 Bd5 52. Kg3 Nh5+ 53. Kf2 Ke4
54. Bb2 Nf4 55. Ke1 Bc4 56. Bxc4 bxc4 57. Kd2 Nd5 58. Kc2 Ke3 59. Bc3 Nc7 60.
Ba5 Nb5 0-1

[Event "47th IT Bosna 2017"]
[Site "Sarajevo"]
[Date "2017.05.15"]
[Round "4.34"]
[White "Nestorovic, Katarina"]
[Black "Aleksic, Neven"]
[Result "1-0"]
[WhiteElo "1918"]
[BlackElo "2121"]
[PlyCount "67"]
[EventDate "2017.05.13"]

1. e4 e5 2. Bc4 Nc6 3. Nc3 Bc5 4. Qg4 g6 5. Qg3 d6 6. Nge2 a6 7. a3 Be6 8. Nd5
Nf6 9. d3 Bxd5 10. exd5 Ne7 11. Bg5 Nh5 12. Qf3 f6 13. d4 exd4 14. Bh6 Nf5 15.
g4 Nxh6 16. gxh5 Qe7 17. O-O-O O-O-O 18. Rhe1 Qf7 19. Nxd4 Bxd4 20. Rxd4 Rde8
21. Re6 Nf5 22. Rde4 Rxe6 23. dxe6 Qe7 24. Rg4 c6 25. hxg6 hxg6 26. Bxa6 d5 27.
Bd3 Qxe6 28. Rxg6 Qe1+ 29. Qd1 Qxf2 30. Rxf6 Qe3+ 31. Kb1 Nd4 32. Qg4+ Kb8 33.
Qg7 Rxh2 34. Rf7 1-0

[Event "47th IT Bosna 2017"]
[Site "Sarajevo"]
[Date "2017.05.15"]
[Round "4.35"]
[White "Schettler, Juergen"]
[Black "Okuyaz, Duru"]
[Result "0-1"]
[WhiteElo "2111"]
[BlackElo "1917"]
[PlyCount "90"]
[EventDate "2017.05.13"]

1. Nf3 d5 2. g3 Bg4 3. Bg2 Nd7 4. d4 Ngf6 5. Ne5 Bf5 6. c4 e6 7. Nc3 c6 8. Bg5
Be7 9. cxd5 exd5 10. Nxd7 Qxd7 11. h4 h6 12. Bf4 O-O 13. a3 a5 14. Na4 Ra6 15.
Rc1 Re8 16. Bf3 Be4 17. Bxe4 Nxe4 18. f3 Nf6 19. Kf2 Qe6 20. Rc3 Nh5 21. Bc1
Bd6 22. g4 Ng3 23. Re1 Qf6 24. g5 hxg5 25. hxg5 Ne4+ 26. Kg2 Nxc3 27. bxc3 Qf5
28. Nc5 Bxc5 29. dxc5 Raa8 30. Qd4 Re6 31. e4 dxe4 32. fxe4 Qg4+ 33. Kf2 Qh4+
34. Kf1 Rae8 35. e5 Qh1+ 36. Kf2 Qh2+ 37. Kf3 Rxe5 38. Rxe5 Qxe5 39. Qxe5 Rxe5
40. Be3 Kh7 41. Kf4 Rxe3 42. Kxe3 Kg6 43. Kf3 f6 44. gxf6 Kxf6 45. c4 a4 0-1

[Event "47th IT Bosna 2017"]
[Site "Sarajevo"]
[Date "2017.05.15"]
[Round "4.36"]
[White "Garabetyan, Arno"]
[Black "Pleh, Semir"]
[Result "1-0"]
[WhiteElo "2050"]
[BlackElo "1678"]
[PlyCount "58"]
[EventDate "2017.05.13"]

1. Nf3 d6 2. g3 g6 3. Bg2 Bg7 4. d4 d5 5. c4 c6 6. O-O Nf6 7. b3 O-O 8. Nc3
Nbd7 9. cxd5 Nxd5 10. Bb2 N7f6 11. Na4 Bf5 12. Nd2 Nb6 13. Nc5 Bc8 14. Qc2 Nfd7
15. Nd3 Re8 16. Nf3 Nf6 17. Rfd1 Bf5 18. Nd2 Bxd3 19. Qxd3 Nfd7 20. f4 e6 21.
Rac1 Nf6 22. e4 Qc7 23. Nc4 Qd8 24. Bc3 Nc8 25. Na5 Qc7 26. a3 Ne7 27. Bf3 h5
28. Kg2 Red8 29. g4 hxg4 1-0

[Event "47th IT Bosna 2017"]
[Site "Sarajevo"]
[Date "2017.05.15"]
[Round "4.37"]
[White "Marn, Jan"]
[Black "Colpa, Husein"]
[Result "1-0"]
[WhiteElo "2035"]
[BlackElo "1904"]
[PlyCount "61"]
[EventDate "2017.05.13"]

1. d4 Nf6 2. c4 c5 3. d5 e5 4. Nc3 d6 5. e4 h6 6. Bd3 g5 7. f3 Be7 8. g4 Nbd7
9. Bc2 Nf8 10. Ba4+ Bd7 11. Bxd7+ Qxd7 12. Nge2 Ng6 13. Ng3 Nh4 14. Nf5 Ng2+
15. Kf1 Nf4 16. Bxf4 gxf4 17. Ke2 O-O-O 18. a3 Rdg8 19. b4 cxb4 20. axb4 a6 21.
b5 Bd8 22. bxa6 bxa6 23. Rxa6 Bc7 24. Qb3 Qxf5 25. exf5 Kd7 26. Qb7 Rb8 27.
Qc6+ Kd8 28. Nb5 Ne8 29. Ra7 Rh7 30. Rxc7 Nxc7 31. Qxd6+ 1-0

[Event "47th IT Bosna 2017"]
[Site "Sarajevo"]
[Date "2017.05.15"]
[Round "4.38"]
[White "Vujicic, Dragisa"]
[Black "Rozic, Slaven"]
[Result "0-1"]
[WhiteElo "1914"]
[BlackElo "2033"]
[PlyCount "100"]
[EventDate "2017.05.13"]

1. d4 Nf6 2. Nf3 b6 3. g3 Bb7 4. Bg2 e6 5. O-O Be7 6. c4 d5 7. Ne5 O-O 8. cxd5
Nxd5 9. Nd3 Nd7 10. Na3 c5 11. Nc2 Qc7 12. Nf4 N7f6 13. Nxd5 Nxd5 14. e4 Nf6
15. Bf4 Qd7 16. dxc5 Qxd1 17. Rfxd1 Bxc5 18. b4 Be7 19. f3 Rac8 20. Rd2 Rfd8
21. Rad1 Rxd2 22. Rxd2 Bc6 23. a3 Ba4 24. Ne1 a5 25. Bd6 Rd8 26. Bf4 Rc8 27.
Bd6 Kf8 28. Bf1 g5 29. g4 axb4 30. axb4 Rc3 31. Rd3 Rc1 32. Bxe7+ Kxe7 33. Ra3
Rxe1 34. Rxa4 Kd6 35. Ra6 Nd7 36. Kf2 Rb1 37. b5 Ke5 38. Ra7 Rb2+ 39. Be2 Kd6
40. Rb7 f6 41. Ke3 Rc2 42. h3 Rc7 43. Rxc7 Kxc7 44. Kd4 Kd6 45. Bd1 Ne5 46. Be2
Ng6 47. Bf1 Nf4 48. Bc4 e5+ 49. Kc3 Kc5 50. Bf1 Ne6 0-1

[Event "47th IT Bosna 2017"]
[Site "Sarajevo"]
[Date "2017.05.15"]
[Round "4.39"]
[White "Vujic, Milorad"]
[Black "Kozarcanin, Sead"]
[Result "0-1"]
[WhiteElo "1842"]
[BlackElo "2016"]
[PlyCount "86"]
[EventDate "2017.05.13"]

1. d4 d5 2. c4 c6 3. cxd5 cxd5 4. Nf3 Nc6 5. Nc3 Nf6 6. Bf4 e6 7. e3 Be7 8. h3
Ne4 9. Nxe4 dxe4 10. Nd2 f5 11. Be2 O-O 12. O-O Nb4 13. a3 Nd5 14. Be5 Bd7 15.
Qb3 Bc6 16. Bb5 Bxb5 17. Qxb5 Qb6 18. Qa4 Rfc8 19. Nb3 Qc6 20. Qxc6 Rxc6 21.
Rfc1 Rac8 22. Rxc6 Rxc6 23. Rc1 Rxc1+ 24. Nxc1 Nb6 25. Bb8 a6 26. Nb3 Nc4 27.
Bc7 Nxb2 28. Na5 b5 29. Nc6 Bxa3 30. Nd8 Nc4 31. Nxe6 Bd6 32. Bxd6 Nxd6 33. Nc5
a5 34. Kf1 a4 35. Ke1 a3 36. Kd1 a2 37. Nb3 Nc4 38. Kc2 b4 39. Na1 Na5 40. Kb2
b3 41. Kc3 Kf7 42. f3 exf3 43. gxf3 g5 0-1

[Event "47th IT Bosna 2017"]
[Site "Sarajevo"]
[Date "2017.05.15"]
[Round "4.40"]
[White "Colpa, Fahrudin"]
[Black "Muratovic, Efim"]
[Result "0-1"]
[WhiteElo "1882"]
[BlackElo "2383"]
[PlyCount "74"]
[EventDate "2017.05.13"]

1. e4 g6 2. d4 Bg7 3. Be3 c5 4. c3 Qb6 5. b3 d6 6. dxc5 dxc5 7. b4 Qe6 8. Bxc5
Qxe4+ 9. Qe2 Bf5 10. Be3 Nc6 11. a3 Rd8 12. Nf3 Qd5 13. Bd2 Qb3 14. Qc4 Qb2 15.
Be2 Qxa1 16. O-O Nf6 17. b5 Na5 18. Qc7 O-O 19. Nd4 Bxb1 20. Qxa5 Qa2 21. Be3
e5 22. Qb4 exd4 23. Bc4 dxe3 24. Bxa2 Bxa2 25. fxe3 Nd5 26. Qc5 b6 27. Qc6 Nxe3
28. Re1 Rfe8 29. h3 Re6 30. Qc7 Rd2 31. Qb8+ Bf8 32. Qf4 Rxg2+ 33. Kh1 Bd5 34.
c4 Nxc4 35. Rxe6 fxe6 36. Qb8 Ne3 37. a4 Nf5 0-1

[Event "47th IT Bosna 2017"]
[Site "Sarajevo"]
[Date "2017.05.15"]
[Round "4.41"]
[White "Mrndjic, Muamer"]
[Black "Strinic, Hamdija"]
[Result "1-0"]
[WhiteElo "2199"]
[BlackElo "1749"]
[PlyCount "71"]
[EventDate "2017.05.13"]

1. d4 Nf6 2. c4 g6 3. Nc3 Bg7 4. e4 d6 5. Nf3 O-O 6. h3 Nbd7 7. Be3 c5 8. d5
Nh5 9. Be2 a6 10. O-O b6 11. Ne1 Nhf6 12. f4 h6 13. Nf3 Nh7 14. Qe1 f5 15. Bd3
Ndf6 16. exf5 Bxf5 17. Bxf5 gxf5 18. Nh4 Nh5 19. g4 fxg4 20. hxg4 N5f6 21. Qg3
Qd7 22. f5 Ng5 23. Bxg5 hxg5 24. Ng6 Rf7 25. a4 Qe8 26. Rae1 Nd7 27. Ne4 Bf6
28. Nxd6 Qb8 29. Ne4 Bd4+ 30. Kg2 Qxg3+ 31. Kxg3 Bxb2 32. Nxg5 Bf6 33. Rh1 Bxg5
34. Rh8+ Kg7 35. Rxa8 Kf6 36. Rd8 1-0

[Event "47th IT Bosna 2017"]
[Site "Sarajevo"]
[Date "2017.05.15"]
[Round "4.42"]
[White "Lakusic, Zoran"]
[Black "Reinhard, Marcus"]
[Result "1-0"]
[WhiteElo "1775"]
[BlackElo "2168"]
[PlyCount "39"]
[EventDate "2017.05.13"]

1. Nf3 c5 2. e4 Nc6 3. d4 cxd4 4. Nxd4 e5 5. Nxc6 bxc6 6. Bc4 Nf6 7. O-O Bc5 8.
Bg5 h6 9. Bxf6 Qxf6 10. Nc3 a5 11. Na4 Ba7 12. Qd2 O-O 13. Kh1 Qg6 14. Rad1 Kh8
15. f4 exf4 16. Rxf4 Bb8 17. e5 d5 18. Bd3 Qg5 19. b4 Qe7 20. Rf6 1-0

[Event "47th IT Bosna 2017"]
[Site "Sarajevo"]
[Date "2017.05.15"]
[Round "4.43"]
[White "Halilovic, Fahrudin"]
[Black "Celik, Eda"]
[Result "0-1"]
[WhiteElo "2032"]
[BlackElo "1728"]
[PlyCount "82"]
[EventDate "2017.05.13"]

1. e4 e5 2. Nf3 Nc6 3. Bc4 Nf6 4. d3 h6 5. O-O d6 6. c3 g6 7. d4 Qe7 8. Nbd2
Bg7 9. Re1 O-O 10. h3 Bd7 11. Nf1 Rae8 12. Ng3 Kh7 13. Bd3 Ng8 14. Be3 f5 15.
exf5 gxf5 16. Bc2 e4 17. Bf4 Qd8 18. d5 Nce7 19. Nh2 Ng6 20. Nh5 Nxf4 21. Nxf4
Be5 22. Qc1 Nf6 23. Qd2 Bxf4 24. Qxf4 Nxd5 25. Qd2 Nf6 26. Nf1 Rg8 27. Ng3 Qe7
28. Bb3 Rg7 29. Qf4 Qe5 30. Qh4 f4 31. Nxe4 Nxe4 32. Bc2 Bf5 33. f3 Qc5+ 34.
Kh2 Reg8 35. Bxe4 Bxe4 36. fxe4 Rxg2+ 37. Kh1 f3 38. e5 f2 39. Qe4+ Kh8 40. Rf1
Rg1+ 41. Kh2 R8g2+ 0-1

[Event "47th IT Bosna 2017"]
[Site "Sarajevo"]
[Date "2017.05.15"]
[Round "4.44"]
[White "Markovic, Rade A"]
[Black "Jovovic, Milan"]
[Result "0-1"]
[WhiteElo "1749"]
[BlackElo "2032"]
[PlyCount "52"]
[EventDate "2017.05.13"]

1. e4 c5 2. Nc3 d6 3. g3 Nc6 4. Bg2 Nf6 5. d3 g6 6. h3 Bg7 7. Be3 O-O 8. Qd2
Re8 9. Nge2 Bd7 10. g4 b5 11. f4 b4 12. Nd1 h5 13. gxh5 Nxh5 14. Bf3 e5 15. c3
exf4 16. Nxf4 Qh4+ 17. Nf2 bxc3 18. bxc3 Nxf4 19. O-O-O Ne6 20. Ng4 Qh8 21. Kc2
Rec8 22. Qf2 Rab8 23. Bg2 Bxc3 24. Rb1 Nb4+ 25. Rxb4 Rxb4 26. Bc1 Ba4# 0-1

[Event "47th IT Bosna 2017"]
[Site "Sarajevo"]
[Date "2017.05.15"]
[Round "4.45"]
[White "Cosovic, Aziz"]
[Black "Erece, Ece Alkim"]
[Result "1-0"]
[WhiteElo "2006"]
[BlackElo "1686"]
[PlyCount "73"]
[EventDate "2017.05.13"]

1. e4 c5 2. Nf3 g6 3. c3 Bg7 4. Na3 Nc6 5. Be2 Nf6 6. d3 O-O 7. O-O Re8 8. h3
e5 9. Bg5 h6 10. Be3 b6 11. Qd2 Kh7 12. Nh2 d5 13. f3 Nh5 14. Rfd1 d4 15. Bf2
Nf4 16. Bf1 h5 17. Bg3 Bh6 18. Bxf4 Bxf4 19. Qe1 g5 20. Nc2 Bxh2+ 21. Kxh2 g4
22. fxg4 hxg4 23. h4 Rg8 24. g3 Ne7 25. Qf2 Ng6 26. Kg1 Be6 27. Bg2 Rg7 28.
cxd4 cxd4 29. Nb4 Nxh4 30. Rac1 Nxg2 31. Kxg2 Qd6 32. a3 a5 33. Rh1+ Kg8 34.
Nc6 Rc8 35. Qf6 Rc7 36. Rh6 Qd7 37. Rch1 1-0

[Event "47th IT Bosna 2017"]
[Site "Sarajevo"]
[Date "2017.05.15"]
[Round "4.46"]
[White "Bajic, Salko"]
[Black "Sinanovic, Ermin"]
[Result "0-1"]
[WhiteElo "1732"]
[BlackElo "1973"]
[PlyCount "36"]
[EventDate "2017.05.13"]

1. Nf3 f5 2. e3 Nf6 3. Bc4 g6 4. d4 Bg7 5. Nc3 e6 6. d5 Qe7 7. O-O d6 8. dxe6
Bxe6 9. Bxe6 Qxe6 10. Ng5 Qd7 11. e4 h6 12. Nh3 O-O 13. exf5 Qxf5 14. Nf4 Nc6
15. Ncd5 Nxd5 16. Nxd5 Rf7 17. c3 Re8 18. Qb3 Qxf2+ 0-1

[Event "47th IT Bosna 2017"]
[Site "Sarajevo"]
[Date "2017.05.15"]
[Round "4.47"]
[White "Muhibic, Cazim"]
[Black "Radaca, Nasir"]
[Result "1-0"]
[WhiteElo "1956"]
[BlackElo "1636"]
[PlyCount "65"]
[EventDate "2017.05.13"]

1. Nf3 c5 2. c4 d6 3. Nc3 Nf6 4. g3 e6 5. Bg2 Be7 6. O-O O-O 7. b3 Nc6 8. Bb2
Bd7 9. Re1 a6 10. e3 Qc7 11. d4 cxd4 12. exd4 Rfe8 13. Qd2 Rac8 14. Rad1 d5 15.
c5 b6 16. cxb6 Qxb6 17. Na4 Qb7 18. Nc5 Bxc5 19. dxc5 Ne4 20. Qc1 Nb4 21. Rxe4
dxe4 22. Qg5 f6 23. Bxf6 Bc6 24. Ne5 Nd5 25. Nxc6 Nxf6 26. Na5 Qb5 27. Nc4 Rxc5
28. Qe3 Rd5 29. Re1 Rd3 30. Qf4 Qf5 31. Qc7 Nd5 32. Qa7 Rf8 33. Bxe4 1-0

[Event "47th IT Bosna 2017"]
[Site "Sarajevo"]
[Date "2017.05.15"]
[Round "4.48"]
[White "Gaspar, Zdravko"]
[Black "Ananya, Rishi Gupta"]
[Result "0-1"]
[WhiteElo "1689"]
[BlackElo "1955"]
[PlyCount "68"]
[EventDate "2017.05.13"]

1. d4 d5 2. Nf3 Nf6 3. e3 Bf5 4. c4 c6 5. cxd5 cxd5 6. Qb3 Qc7 7. Bd2 e6 8.
Bb5+ Nbd7 9. Ne5 Rc8 10. O-O a6 11. Bxd7+ Nxd7 12. Nxd7 Qxd7 13. Bb4 Be7 14.
Bxe7 Qxe7 15. Qa4+ Qd7 16. Qxd7+ Kxd7 17. Na3 Rc6 18. Rac1 Rhc8 19. Rxc6 Rxc6
20. Rd1 b5 21. f3 b4 22. Nb1 Rc2 23. g4 Bg6 24. Nd2 Rxb2 25. Nb3 Rxa2 26. Nc5+
Kc6 27. e4 a5 28. Rc1 Kb5 29. h4 h6 30. h5 Bh7 31. Nb7 b3 32. Rc4 Kb6 33. Nd6
b2 34. Nc8+ Ka6 0-1

[Event "47th IT Bosna 2017"]
[Site "Sarajevo"]
[Date "2017.05.15"]
[Round "4.49"]
[White "Vrce, Anes"]
[Black "Zenelaj, Fisnik"]
[Result "0-1"]
[WhiteElo "1648"]
[BlackElo "1919"]
[PlyCount "94"]
[EventDate "2017.05.13"]

1. e4 e5 2. Nf3 Nc6 3. Bb5 a6 4. Bxc6 dxc6 5. h3 f6 6. O-O Bd6 7. d3 Ne7 8. Be3
O-O 9. Nbd2 Ng6 10. Nc4 Be7 11. Qe2 Be6 12. d4 b5 13. Na5 Qe8 14. Rfd1 Bb4 15.
Bd2 Bxa5 16. Bxa5 Nf4 17. Qe3 Qg6 18. Nh4 Qg5 19. Re1 Qxh4 20. Qg3 Qxg3 21.
fxg3 Ng6 22. dxe5 Nxe5 23. Bxc7 Rac8 24. Bxe5 fxe5 25. Rad1 Rcd8 26. b3 b4 27.
g4 c5 28. Rd3 Rd4 29. Rf1 Rxf1+ 30. Kxf1 Rxd3 31. cxd3 Kf7 32. Ke2 Kg6 33. Kf3
a5 34. h4 h5 35. g5 Bd7 36. Ke3 a4 37. Kd2 Bb5 38. g3 Bd7 39. Kc2 Kf7 40. Kd2
Ke7 41. Kc2 Kd6 42. Kd2 a3 43. Kc2 Be6 44. Kb1 c4 45. bxc4 Kc5 46. Kc2 g6 47.
Kb3 Bd7 0-1

[Event "47th IT Bosna 2017"]
[Site "Sarajevo"]
[Date "2017.05.15"]
[Round "4.53"]
[White "Babic, Milana"]
[Black "Lapo, Safet"]
[Result "0-1"]
[WhiteElo "1520"]
[BlackElo "1844"]
[PlyCount "120"]
[EventDate "2017.05.13"]

1. e4 d5 2. exd5 Qxd5 3. Nc3 Qa5 4. Nf3 Nf6 5. Be2 Bf5 6. d3 e6 7. Bg5 Nbd7 8.
O-O Be7 9. Be3 c6 10. Nd4 Bg6 11. Qd2 O-O 12. Rfe1 Qc7 13. Rad1 Bd6 14. h3 e5
15. Nf3 Nd5 16. Ne4 Nxe3 17. Qxe3 Be7 18. d4 exd4 19. Nxd4 Nc5 20. Bd3 Nxe4 21.
Bxe4 Bf6 22. Bxg6 hxg6 23. c3 Rfe8 24. Qd2 Re7 25. Rxe7 Qxe7 26. Re1 Qd7 27.
Rd1 Rd8 28. Nf3 Qe6 29. Qc1 Rxd1+ 30. Qxd1 Qxa2 31. Qd7 Qb3 32. Qe8+ Kh7 33. h4
Qxb2 34. Qxf7 Qxc3 35. Kh2 Qc2 36. Kg3 Qf5 37. Qxb7 Be5+ 38. Nxe5 Qxe5+ 39. Kh3
Qf5+ 40. Kg3 c5 41. Qxa7 c4 42. Qc7 Qd3+ 43. f3 c3 44. Qc5 c2 45. Qg5 Qd1 46.
h5 Qd6+ 47. Kh3 Qf6 48. Qc1 Qf5+ 49. Kg3 gxh5 50. Kf2 Qd3 51. Ke1 Kg6 52. Qa1
Qe3+ 53. Kf1 c1=Q+ 54. Qxc1 Qxc1+ 55. Ke2 Kf5 56. Kf2 g5 57. g3 Qd2+ 58. Kf1 h4
59. gxh4 gxh4 60. Kg1 Kf4 0-1

[Event "47th IT Bosna 2017"]
[Site "Sarajevo"]
[Date "2017.05.15"]
[Round "4.54"]
[White "Beslija, Hana"]
[Black "Tomic, Jelena"]
[Result "0-1"]
[WhiteElo "1113"]
[BlackElo "1751"]
[PlyCount "78"]
[EventDate "2017.05.13"]

1. e4 d5 2. exd5 Qxd5 3. Nc3 Qa5 4. d4 Nf6 5. Bd2 c6 6. Ne4 Qc7 7. Nxf6+ gxf6
8. Nf3 Bf5 9. h3 Nd7 10. Be3 e6 11. Bd3 Bxd3 12. Qxd3 Bd6 13. O-O-O O-O-O 14.
Rhe1 Bf4 15. Kb1 Nb6 16. Bxf4 Qxf4 17. Re4 Qd6 18. a3 Qd5 19. Rf4 Nd7 20. Qe4
Kb8 21. Qxd5 cxd5 22. Re1 Rhg8 23. g3 Kc7 24. Rh4 Rg7 25. Rg4 Rxg4 26. hxg4 Rg8
27. Nh2 Kd6 28. f4 Nb6 29. b3 h5 30. f5 hxg4 31. fxe6 fxe6 32. Rc1 f5 33. c4
dxc4 34. bxc4 Nd7 35. Nf1 b6 36. Ne3 Rh8 37. Rf1 Rh3 38. d5 Rxg3 39. Re1 Ne5
0-1

[Event "47th IT Bosna 2017"]
[Site "Sarajevo"]
[Date "2017.05.15"]
[Round "4.55"]
[White "Kanjic, Elvir"]
[Black "Zaloznik, Vesna"]
[Result "0-1"]
[WhiteElo "1722"]
[BlackElo "1504"]
[PlyCount "91"]
[EventDate "2017.05.13"]

1. e4 e5 2. Nf3 Nc6 3. a3 Nf6 4. Nc3 Bc5 5. h3 d6 6. d3 h6 7. Na4 Bb6 8. Nxb6
axb6 9. Be3 Be6 10. Be2 Qd7 11. Qd2 Ke7 12. g4 g5 13. Qc3 b5 14. Nh2 b4 15. Qd2
bxa3 16. bxa3 Nd4 17. Bxd4 exd4 18. f4 Qa4 19. O-O Rag8 20. Rfb1 Qa7 21. f5 Bd7
22. Bf3 Bc6 23. Rb3 h5 24. Rab1 hxg4 25. Nxg4 Rxh3 26. Nxf6 Kxf6 27. Bg2 Rh4
28. Qf2 Rf4 29. Qe2 Rh8 30. Re1 Qc5 31. Rb4 Qe5 32. Rf1 Rfh4 33. Rf3 g4 34. Kf1
gxf3 35. Bxf3 Rh1+ 36. Bxh1 Rxh1+ 37. Kf2 Rh2+ 38. Ke1 Rxe2+ 39. Kxe2 Qh2+ 40.
Kd1 Ke5 41. Kc1 d5 42. Kb2 dxe4 43. dxe4 Bxe4 44. Rc4 c6 45. Kb3 b6 46. a4 0-1

[Event "47th IT Bosna 2017"]
[Site "Sarajevo"]
[Date "2017.05.15"]
[Round "4.56"]
[White "Fejzic, Danis"]
[Black "Peric, Pero"]
[Result "0-1"]
[WhiteElo "1439"]
[BlackElo "1678"]
[PlyCount "76"]
[EventDate "2017.05.13"]

1. e4 b6 2. d4 e6 3. Nf3 Bb7 4. Bd3 h6 5. O-O Nf6 6. Nc3 Be7 7. Bf4 O-O 8. Re1
Nh5 9. Qd2 Nxf4 10. Qxf4 c5 11. d5 d6 12. Bc4 e5 13. Qe3 a6 14. a4 Nd7 15. Rab1
Nf6 16. b4 Ng4 17. Qd3 Bc8 18. h3 Nf6 19. b5 a5 20. Ne2 Nh5 21. Qe3 f5 22. Bd3
f4 23. Qd2 Qe8 24. Kh2 Qg6 25. Rg1 Nf6 26. g3 Qh5 27. Nh4 f3 28. Nc3 Bxh3 29.
Kxh3 Qg4+ 30. Kh2 Nh7 31. Nxf3 Rxf3 32. Kg2 Raf8 33. Rgf1 Ng5 34. Be2 Qh3+ 35.
Kg1 R8f4 36. Qd1 Rxg3+ 37. fxg3 Qxg3+ 38. Kh1 Rh4# 0-1

[Event "47th IT Bosna 2017"]
[Site "Sarajevo"]
[Date "2017.05.15"]
[Round "4.58"]
[White "Zaloznik S., Gal"]
[Black "Gligorevic, Milorad"]
[Result "0-1"]
[WhiteElo "1015"]
[BlackElo "1823"]
[PlyCount "44"]
[EventDate "2017.05.13"]

1. e4 e5 2. Nf3 Nc6 3. Bc4 Nf6 4. Ng5 d5 5. exd5 Na5 6. Bb5+ c6 7. Be2 h6 8.
Nf3 e4 9. Ne5 Qxd5 10. d4 exd3 11. Nxd3 Qxg2 12. Rf1 Qxh2 13. Bf4 Qh3 14. Bf3
Qe6+ 15. Kd2 Be7 16. Re1 Qd7 17. b4 Nc4+ 18. Kc1 O-O 19. b5 Ba3+ 20. Nxa3 Nxa3
21. bxc6 Qd4 22. Be5 Qa4 0-1

[Event "47th IT Bosna 2017"]
[Site "Sarajevo"]
[Date "2017.05.15"]
[Round "4.60"]
[White "Rakita, Jandrija"]
[Black "Tutic, Amina"]
[Result "0-1"]
[WhiteElo "1680"]
[BlackElo "1431"]
[PlyCount "40"]
[EventDate "2017.05.13"]

1. e4 c5 2. Bc4 e6 3. Nc3 Nf6 4. d4 cxd4 5. Qxd4 Nc6 6. Qd1 Bb4 7. Bg5 h6 8.
Bxf6 Qxf6 9. Nge2 Qg6 10. O-O a6 11. a4 b6 12. Bd3 Bb7 13. Ng3 Ne5 14. f4 Bc5+
15. Kh1 Ng4 16. Qe2 h5 17. e5 f5 18. exf6 Qxf6 19. Be4 Qh4 20. Nxh5 Qxh2# 0-1

[Event "47th IT Bosna 2017"]
[Site "Sarajevo"]
[Date "2017.05.16"]
[Round "5.1"]
[White "Demchenko, Anton"]
[Black "Nikolic, Predrag"]
[Result "1-0"]
[WhiteElo "2629"]
[BlackElo "2607"]
[PlyCount "63"]
[EventDate "2017.05.13"]

1. e4 e5 2. Nf3 Nc6 3. Bc4 Nf6 4. d3 Be7 5. O-O O-O 6. Re1 d6 7. a4 Na5 8. Ba2
c5 9. c3 Nc6 10. Na3 a6 11. Bd2 Rb8 12. b4 cxb4 13. cxb4 Bg4 14. h3 Bxf3 15.
Qxf3 d5 16. exd5 Nxb4 17. Bb3 Nbxd5 18. Nc4 Bb4 19. Bxb4 Nxb4 20. Nxe5 Qd6 21.
a5 Nfd5 22. h4 Rbd8 23. Rac1 b5 24. h5 Qf6 25. Qe4 Rd6 26. d4 Qg5 27. Rc5 Qd8
28. Bxd5 Rxd5 29. Nc6 Nxc6 30. Rxd5 Qxa5 31. h6 gxh6 32. Rd6 1-0